Statistics for Länder i Asien

Click here to take the quiz!

General Stats

  • This quiz has been taken 226 times
  • The average score is 31 of 47

Answer Stats

Länder% Correct
Japan
92%
Kina
89%
Irak
87%
Iran
87%
Nordkorea
87%
Thailand
86%
Sydkorea
85%
Indien
81%
Pakistan
81%
Mongoliet
79%
Afghanistan
77%
Vietnam
77%
Indonesien
76%
Israel
76%
Kazakstan
76%
Nepal
76%
Saudiarabien
74%
Syrien
74%
Armenien
72%
Uzbekistan
72%
Oman
71%
Laos
70%
Bangladesh
69%
Malaysia
69%
Sri Lanka
69%
Turkmenistan
68%
Jordanien
65%
Singapore
64%
Taiwan
64%
Myanmar
63%
Jemen
61%
Kambodja
61%
Turkiet
61%
Bhutan
59%
Libanon
59%
Qatar
59%
Filippinerna
53%
Kuwait
53%
Maldiverna
50%
Brunei
49%
Bahrain
48%
Förenade Arabemiraten
42%
Östtimor
42%
Azerbajdzjan
34%
Tadzjikistan
30%
Cypern
29%
Kirgizistan
22%

Score Distribution

Percentile by Number Answered

Percent of People with Each Score

Your Score History

You have not taken this quiz